LEADER 00937nam1-22003251i-450- 001 990000877040403321 005 20121026134950.0 010 $a0-444-99789-X 035 $a000087704 035 $aFED01000087704 035 $a(Aleph)000087704FED01 035 $a000087704 100 $a20020821d--------km-y0itay50------ba 101 0 $aeng 105 $ay-------001yy 200 1 $aMethods of Foundation Engineering$eDevelopments in Geotechnical Engineering Vol.24 210 $aAmsterdam$cElsevier$d1979 215 $ap.615$cill.$dcm 20 463 \1$1001990000899970403321$12001 $aVol.24 610 0 $aFondazioni 700 1$aBazant,$bZdenek P.$032043 801 0$aIT$bUNINA$gRICA$2UNIMARC 901 $aBK 912 $a990000877040403321 952 $a15 GT-M/2-1$b2598$fDINID 952 $a03 F.0,64$b3634$fIINTC 959 $aDINID 959 $aIINTC 996 $aMethods of Foundation Engineering$9356021 997 $aUNINA LEADER 00786nam0-22003011i-450- 001 990006091070403321 005 20100202152947.0 035 $a000609107 035 $aFED01000609107 035 $a(Aleph)000609107FED01 035 $a000609107 100 $a20000112d1927----km-y0itay50------ba 101 0 $aita 102 $aIT 105 $a--------00-yy 200 1 $aLocke$fGiuseppe Tarozzi 210 $aMilano$cAthena$d1927 215 $a151 p.$d20 cm 225 1 $aPiccola biblioteca di coltura filosofica$v31 676 $a146.42 700 1$aTarozzi,$bGiuseppe$f<1866-1958>$0159023 801 0$aIT$bUNINA$gRICA$2UNIMARC 901 $aBK 912 $a990006091070403321 952 $aXI Q 10 (31)$b15951$fFGBC 959 $aFGBC 996 $aLocke$9164555 997 $aUNINA LEADER 01379nam--2200421---4500 001 990000590060203316 005 20050824111443.0 010 $a88-204-2833-4 035 $a0059006 035 $aUSA010059006 035 $a(ALEPH)000059006USA01 035 $a0059006 100 $a20010828h----1988km-y0ENGy0103----ba 101 $aita 102 $aIT 200 1 $aModernitą e tradizione$eintegrazione sociale e identitą cuturale in una cittą nuova$eil caso di Latina$fVittorio Cotesta 210 $aMilano$cF. Angeli$h1988 215 $a244 p.$d22 cm 225 2 $aSociologia e ricerca sociale$v15 300 $aSeguono appendici 410 $12001$aSociologia e ricerca sociale$v15 606 0 $aSocietą$yLatina$xInchiesta 676 $a306.0945623 700 1$aCOTESTA,$bVittorio$0127884 801 0$aIT$bsalbc$gISBD 912 $a990000590060203316 951 $aIII.1. 1597a(XV D COLL. 3/15)$bLM$cXV D COLL. 951 $aIII.1. 1597b(XV D COLL. 3/15BIS)$bLM$cXV D COLL. 951 $aIII.1. 1597(I G 71)$b114167 L.M.$cI G 959 $aBK 969 $aUMA 979 $aPATRY$b90$c20010828$lUSA01$h1140 979 $c20020403$lUSA01$h1708 979 $aPATRY$b90$c20040406$lUSA01$h1641 979 $aCOPAT3$b90$c20050307$lUSA01$h0913 979 $aCOPAT1$b90$c20050824$lUSA01$h1114 996 $aModernitą e tradizione$9679657 997 $aUNISA